000 00683nam a2200289Ia 4500
005 20260324114626.0
008 008 260324s9999 xx 000 0 eng d
020 _a9781003273073
037 _aEBOOK
040 _aCRL
040 _beng
040 _cCRL
041 _2eng
041 _aeng
084 _qCRL
100 _aLukong Cornelius Fai
_91151521
245 0 _aQuantum Mechanics
245 0 _bNon-Relativistic and Relativistic Theory
260 _bTaylor and Francis
260 _c2022
365 _a
365 _b275
856 _uhttp://www.taylorfrancis.com/books/9781003273073
942 _cEBOOK
999 _c1741810
_d1741810